[Event "Beirut op 4th"]
[Site "Beirut"]
[Date "2011.05.16"]
[Round "4"]
[White "Eid, Fadi"]
[Black "Khechen, Nabil E"]
[Result "1-0"]
[WhiteElo "2378"]
[BlackElo "2066"]
[PlyCount "73"]
[EventDate "2011.05.14"]
[EventType "swiss"]
[EventRounds "9"]
[EventCountry "LBN"]
[SourceTitle "CBM 142 Extra"]
[Source "ChessBase"]
[SourceDate "2011.06.27"]
[SourceVersion "1"]
[SourceVersionDate "2011.06.27"]
[SourceQuality "1"]

1. e4 e5 2. Nf3 Nc6 3. Nc3 Nf6 4. d4 exd4 5. Nxd4 Bb4 6. Nxc6 bxc6 7. Bd3 d5 8. exd5 cxd5 9. 0-0 0-0 10. Bg5 c6 11. Qf3 Qd6 12. h3 Re8 13. Rfe1 Bd7 14. Bf4 Qf8 15. Be5 Be7 16. a3 a5 17. Na4 Be6 18. c3 Nd7 19. Bg3 c5 20. Bb5 Ra7 21. Rad1 Rd8 22. Bc6 Nf6 23. Be5 Rc8 24. Bxf6 Rxc6 25. Bxe7 Rxe7 26. c4 Bd7 27. Rxe7 Qxe7 28. Qxd5 Rc7 29. Nxc5 Be8 30. b4 axb4 31. axb4 Rc8 32. Qe4 Qa7 33. Qb7 Qxb7 34. Nxb7 Rxc4 35. Nd6 Ba4 36. Nxc4 Bxd1 37. b5 1-0